000 00200nam a2200085Ia 4500
008 120527s9999 xx 000 0 und d
100 _aClausen, etal
245 _aSocialization and society
942 _cBK
999 _c27705
_d27705